000 00677nam a2200181Ia 4500
008 151202s9999||||xx |||||||||||||| ||und||
082 _bPNVM-22
100 _aकोल्हटकर वा. पु.
245 _aग्रंथालयातील सुचीलेखन.
260 _bएन. के. पब्लिशिंग हाऊस.
260 _c0
300 _a224
600 _aकोल्हटकर वा. पु.
630 _aग्रंथालयातील सुचीलेखन.
700 _aकोल्हटकर वा. पु.
730 _aग्रंथालयातील सुचीलेखन.
942 _cBOOK
999 _c1266020
_d1266017